ბათუმის შოთა რუსთაველის სახელმწიფო უნივერსიტეტის ბიბლიოთეკა

Single Cell Methods : (ბიბ.ჩანაწერი № 57460)

000 -LEADER
fixed length control field 00564nam a22001697a 4500
005 - DATE AND TIME OF LATEST TRANSACTION
control field 20200624132057.0
008 - FIXED-LENGTH DATA ELEMENTS--GENERAL INFORMATION
fixed length control field 200624s2019 eng||||| |||| 00| 0 enk d
020 ## - INTERNATIONAL STANDARD BOOK NUMBER
International Standard Book Number 9781493992393
041 ## - LANGUAGE CODE
Language code of text/sound track or separate title eng
080 ## - UNIVERSAL DECIMAL CLASSIFICATION NUMBER
Universal Decimal Classification number 577 S-62
245 ## - TITLE STATEMENT
Title Single Cell Methods :
Remainder of title Sequencing and Proteomics /
Statement of responsibility, etc. Editors: Proserpio, Valentina (Ed.).
264 ## - PRODUCTION, PUBLICATION, DISTRIBUTION, MANUFACTURE, AND COPYRIGHT NOTICE
Place of production, publication, distribution, manufacture Torino :
Name of producer, publisher, distributor, manufacturer Humana Press,
Date of production, publication, distribution, manufacture, or copyright notice 2019.
300 ## - PHYSICAL DESCRIPTION
Extent 459 p.
Other physical details 25 cm.
653 ## - INDEX TERM--UNCONTROLLED
keyword მოლეკულური ბიოლოგია
700 ## - ADDED ENTRY--PERSONAL NAME
Personal name Valentina, Proserpio.
Relator term რედაქტორი
9 (RLIN) 8724
942 ## - ADDED ENTRY ELEMENTS (KOHA)
Source of classification or shelving scheme
Koha item type წიგნი
ეგზემპლარები
Withdrawn status Lost status Source of classification or shelving scheme Damaged status Not for loan Permanent Location Current Location Shelving location Date acquired Cost, normal purchase price Full call number Barcode Date last seen Copy number Price effective from Koha item type Public note
          ბათუმის შოთა რუსთაველის სახელმწიფო უნივერსიტეტის მთავარი ბიბლიოთეკა ბათუმის შოთა რუსთაველის სახელმწიფო უნივერსიტეტის მთავარი ბიბლიოთეკა წიგნსაცავი 2020-06-24 474.00 577 S-62 60656 2020-06-24 60656 2020-06-24 წიგნი 474 ლ.